[Event "DVM U20 2013"]
[Site "Osnabrück GER"]
[Date "2013.12.27"]
[Round "2"]
[White "Rieper, Julian"]
[Black "Joeres, Roman"]
[Result "1-0"]
[Termination "normal"]
[Board "8.5"]
[WhiteElo "1674"]
[BlackElo "1500"]
[WhiteTeam "SK Doppelbauer Kiel"]
[BlackTeam "Karlsruher SF 1853"]
[WhiteFideId "12936960"]
[BlackFideId "12964816"]
[EventCountry "GER"]
[EventRounds "7"]
[EventType "team-swiss"]
[EventDate "2013.12.26"]

1. e4 e6 2. d4 d5 3. Nc3 Bb4 4. exd5 exd5 5. Bd3 Nc6 6. a3 Ba5 7. Nge2 Bxc3+ 8.
bxc3 Be6 9. O-O Nge7 10. Ng3 a6 11. a4 O-O 12. Qh5 Ng6 13. f4 f5 14. Nxf5 Qf6
15. Ng3 Nce7 16. f5 1-0

[Event "DVM U20 2013"]
[Site "Osnabrück GER"]
[Date "2013.12.27"]
[Round "2"]
[White "Ospina Ocampo, Antonio"]
[Black "Petersen, Finn Christopher"]
[Result "1-0"]
[Termination "normal"]
[Board "8.6"]
[WhiteElo "1320"]
[BlackElo "1612"]
[WhiteTeam "Karlsruher SF 1853"]
[BlackTeam "SK Doppelbauer Kiel"]
[WhiteFideId "12946362"]
[BlackFideId "12964840"]
[EventCountry "GER"]
[EventRounds "7"]
[EventType "team-swiss"]
[EventDate "2013.12.26"]

1. e4 e5 2. Nf3 Nc6 3. Nc3 Nf6 4. Bb5 Bc5 5. d3 d6 6. O-O Bg4 7. h3 Bh5 8. Bg5
h6 9. Bh4 g5 10. Bg3 g4 11. hxg4 Bxg4 12. Bh4 a6 13. Nd5 Qc8 14. Bxc6+ bxc6 15.
Nxf6+ Kf8 16. Nxg4 Qxg4 17. Bg3 Qxg3 18. d4 Bxd4 19. Nxd4 Qg6 20. Nf5 Rb8 21.
b3 d5 22. Ng3 dxe4 23. Re1 f5 24. Qd7 f4 25. Qf5+ Qxf5 26. Nxf5 Kf7 27. Rxe4
Kf6 28. Nh4 Rbg8 29. Rae1 Rg4 30. g3 Rhg8 31. Kh2 R4g5 32. Nf3 Rf5 33. Kg2 h5
34. Rxe5 fxg3 35. Rxf5+ Kxf5 36. fxg3 Kf6 37. Rh1 Rf8 38. Rxh5 Re8 39. Kf2 1-0